|
|
|
|
| LEADER |
00000nam0a2200000 4500 |
| 001 |
370740 |
| 005 |
20231102012317.0 |
| 035 |
|
|
|a (RuTPU)RU\TPU\retro\28149
|
| 090 |
|
|
|a 370740
|
| 100 |
|
|
|a 20220728d1978 m y0rusy50 ca
|
| 101 |
0 |
|
|a rus
|
| 102 |
|
|
|a RU
|
| 105 |
|
|
|a a j 001zy
|
| 200 |
1 |
|
|a Учебное пособие по курсу "АСУ производством и распределением электроэнергии". Противоаварийная автоматика энергосистем
|f О. П. Алексеев, Я. Н. Лугинский
|g Московский энергетический институт ; ред. В. Л. Козис
|
| 210 |
|
|
|a Москва
|c [Б. и.]
|d 1978
|
| 215 |
|
|
|a 90 с.
|c ил.
|
| 320 |
|
|
|a Библиогр.: с. 88
|
| 606 |
1 |
|
|a Энергетические системы
|x Противоаварийная автоматика
|2 stltpush
|3 (RuTPU)RU\TPU\subj\80728
|9 88329
|
| 610 |
1 |
|
|a аварийные ситуации
|
| 610 |
1 |
|
|a анализ
|
| 610 |
1 |
|
|a энергосистемы
|
| 610 |
1 |
|
|a задачи
|
| 610 |
1 |
|
|a функции
|
| 610 |
1 |
|
|a автоматические устройства
|
| 610 |
1 |
|
|a построение
|
| 610 |
1 |
|
|a учебные пособия
|
| 675 |
|
|
|a 621.311-5(075.8)
|v 4
|
| 700 |
|
1 |
|a Алексеев
|b О. П.
|g Олег Павлович
|
| 701 |
|
1 |
|a Лугинский
|b Я. Н.
|g Яков Натанович
|
| 702 |
|
1 |
|a Козис
|b В. Л.
|4 340
|
| 712 |
0 |
2 |
|a Московский энергетический институт
|c (1930-1992)
|2 stltpush
|3 (RuTPU)RU\TPU\col\20092
|9 27693
|
| 801 |
|
1 |
|a RU
|b 63413507
|c 20220728
|
| 942 |
|
|
|c BK
|